| 000 | 00699nam a2200241 i 4500 | ||
|---|---|---|---|
| 001 | 20082 | ||
| 003 | ES-MaACL | ||
| 005 | 20230906152230.0 | ||
| 007 | t| | ||
| 008 | 021125s2002 sp ||||1| spa d | ||
| 020 | _a84-95722-10-0 | ||
| 080 | _a232.9 | ||
| 080 | _a94(3):226 | ||
| 100 | 1 |
_aMordillat, Gérard. _983195 |
|
| 245 | 1 | 0 |
_aJesús contra Jesús / _cGérard Mordillat y Jérôme Prieur. |
| 250 | _a1ª ed. | ||
| 260 |
_aAlzira : _bAlgar, _c2002. |
||
| 300 |
_a378 p. ; _c24 cm. |
||
| 600 | 1 | 4 |
_aJesucristo- _xHistoricidad. _966367 |
| 630 | 0 |
_aBiblia- _xHistoria de los hechos contemporáneos. _9119243 |
|
| 700 | 1 |
_aPrieur, Jérôme. _993956 |
|
| 852 |
_aES-MaACL _jL-26005 _bR.131877 |
||
| 999 |
_c20082 _d20082 |
||